000 00654nam a2200169Ia 4500
008 180921t2017 xxu||||| |||| 00| 0 sin d
041 _asin
080 _a294.3 RA
_bAPA
100 _aRalapanava, Mahinda
245 _aබෞද්ධ විහාර දේවාලගම් පනත (මූලාරම්භය, විකාශණය, වර්තමානය සහ ඉදිරි දැක්ම)
246 _aBauddha Viahara Devalagam Panatha ( Mularambaya,Vikashanaya, Varthhamanaya Saha Idiri Dakama)
260 _bsarasavi
_aNugegoda
_c2017
300 _b144p, 29cm
942 _cBK
999 _c452
_d452
003 LK-CoDNM
040 _aLK-CoDNM
_dLK-CoDNM
_eLK-CoDNM